00834nam a2200193 a 4500003000200000005001700002008004100019050003200060100002900092245016700121260009200288300004000380504004100420650003800461650004300499650003800542650003300580650002700613020250422113154.0970114s19uu xx 00 eng d aPGS BF 698.9.C5b.Ob12 2003 aObedencia, Rowell Ace G. aThe effects of constructive and destructive criticism to some grade 6 students of Southville International School in the SY 2002-2003 /cRowelle Ace G. Obedencia. aLas Piñas City, Philippines : bSouthville International School and Colleges,c2003. a19 pages :billustrations ;c28 cm. aIncludes bibliographical references. aCriticismvPsychological aspects. aInterpersonal relations in children.  aChildrenvEffect of criticism on. aSelf-perception in children. aFeedback (Psychology).